Top 50 - Largest City in Each Country Beginning With 'T' - Statistics

General Stats
  • This quiz has been taken 304 times
  • The average score is 22 of 50
Answer Stats
# Population Country Answer % Correct
2 16,200,000 Iran Tehrān
99%
1 40,800,000 Japan Tokyo
99%
5 7,550,000 Canada Toronto
98%
4 9,200,000 Taiwan Taipei
97%
9 2,775,000 Tunisia Tunis
97%
12 1,590,000 Italy Turin
96%
8 2,925,000 Israel Tel Aviv-Jaffa
95%
7 3,600,000 Uzbekistan Tashkent
93%
11 1,770,000 Libya Tripoli
93%
28 450,000 Lebanon Tripoli
93%
14 1,400,000 Georgia Tbilisi
92%
23 705,369 Albania Tirana
91%
29 439,632 Estonia Tallinn
89%
18 1,120,000 France Toulouse
86%
22 802,392 Greece Thessaloníki
85%
3 11,400,000 China Tiānjīn
84%
15 1,210,000 Honduras Tegucigalpa
82%
6 4,750,000 United States Tampa
76%
17 1,190,000 Morocco Tangier
66%
37 353,704 Finland Tampere
59%
10 2,650,000 Mexico Toluca
46%
46 250,849 Romania Timișoara
37%
20 1,025,100 Peru Trujillo
37%
16 1,200,000 Senegal Touba
32%
19 1,050,000 Brazil Teresina
30%
21 847,488 Russia Tyumen
29%
36 360,836 Spain Tarragona-Reus
25%
27 466,968 Yemen Taiz
24%
44 256,000 Turkmenistan Türkmenabat
21%
13 1,540,000 India Tiruppur
17%
40 293,661 Turkey Trabzon
16%
34 371,351 Ghana Tamale
14%
38 325,857 Madagascar Toamasina
13%
49 225,004 Ukraine Ternopil
12%
24 594,350 Saudi Arabia Tabouk
10%
26 576,648 Egypt Tanta
10%
30 425,959 Kazakhstan Taraz
8%
41 278,513 Chile Temuco
7%
32 393,429 Tanzania Tanga
6%
39 307,338 Mozambique Tete
6%
35 366,503 DR Congo Tshikapa
6%
25 578,046 Indonesia Tasikmalaya
5%
43 257,400 Malaysia Tawau
3%
50 213,831 Pakistan Turbat
3%
42 264,804 Myanmar Taungyyi
2%
31 406,480 Philippines Tanauan
1%
48 240,873 North Korea Tanch'ŏn
1%
47 249,012 Vietnam Thanh Hóa
1%
45 251,407 Kenya Thika
1%
33 379,500 Venezuela Turmero
1%
No matching quizzes found
Score Distribution
Percent of People with Each Score
Percentile by Number Answered
Your Score History
You have not taken this quiz